Electromagnetic field theory: a problem salving approach
Guardat en:
| Autor principal: | |
|---|---|
| Format: | Llibre |
| Idioma: | anglès |
| Publicat: |
Nueva York
John Wiley
1979
|
| Matèries: | |
| Etiquetes: |
Afegir etiqueta
Sense etiquetes, Sigues el primer a etiquetar aquest registre!
|
MARC
| LEADER | 00000nam a2200000 a 4500 | ||
|---|---|---|---|
| 001 | UCU3751 | ||
| 003 | CL-VaPUC | ||
| 008 | 960510e19790000US |||||||||||||||||eng|d | ||
| 082 | 0 | 4 | |a 530.141 |b ZAH |2 21 |
| 100 | 0 | |a Zahn, Markus |e author |9 360861 | |
| 245 | 1 | 0 | |a Electromagnetic field theory: a problem salving approach |
| 300 | |a 723 p | ||
| 942 | |c BK | ||
| 945 | |d 19960510 00:00:00 |a paguirre | ||
| 260 | |a Nueva York |b John Wiley |c 1979 | ||
| 650 | 0 | |a Electromagnetismo |9 260123 | |
| 650 | 7 | |a CAMPOS MAGNETICOS |2 CL-VaPUC |9 360862 | |
| 650 | 7 | |a CAMPOS ELECTRICOS |2 CL-VaPUC |9 360863 | |
| 650 | 0 | |a Vectores |9 317184 | |
| 650 | 7 | |a CARGA ELECTRICA |2 CL-VaPUC |9 360158 | |
| 650 | 7 | |a POLARIDAD ELECTRICA |2 CL-VaPUC |9 360864 | |
| 583 | |a last modification |c 19960510 00:00:00 |k Rodrigo Vera | ||
| 999 | |c 247651 |d 247649 | ||